Najpopularniejsze polskie nazwiska na każdą literę. - Statystyki

Ogólne statystyki
  • Ten quiz został rozwiązany 80 razy
  • Średni wynik to 5 z 27
Statystyki odpowiedzi
Litera Nazwisko % Poprawnych
K Kowalski
84%
N Nowak
82%
D Dąbrowski
43%
L Lewandowski
43%
W Wiśniewski
42%
Z Zieliński
37%
A Adamczyk
31%
S Szymański
22%
O Olszewski
16%
P Pawlak
13%
G Górski
12%
J Jankowski
12%
M Mazur
9%
B Bąk
7%
U Urban
7%
Ć Ćwikliński
3%
I Iwanowski
3%
T Tomaszweski
3%
Ż Żuraw
3%
F Fijałkowski
1%
Ś Śliwiński
1%
C Czajka
0%
E Ejsmont
0%
H Hajduk
0%
Ł Łukasik
0%
R Rogowski
0%
Ź Źróbek
0%
Nie znaleziono quizów pasujących do podanych kryteriów
Rozkład punktacji
Procent ludzi z każdym wynikiem
Percentyl według liczby udzielonych odpowiedzi
Twoja historia wyników
Nie rozwiązałeś tego quizu